Responses for show #4820 - Friday, July 15, 2005

David Madden game 9.

Contestants

Karen Arciero, a sales manager from Mounds View, Minnesota

Mark Murray, a screenwriter from Studio City, California

David Madden, a student originally from Ridgewood, New Jersey (whose 8-day cash winnings total $198,500)

Jeopardy! Round responses

EXPLORERS
AM I BLUE?
IN THE BIBLE
VEGGIES' SCIENTIFIC NAMES
CASH
CREDIT
    $200 5
Columbus

David
    $200 14
Cher

David
    $200 11
Goliath

David
    $200 23
onion

Mark
    $200 13
"Ring Of Fire"

David
    $200 21
American Express

Karen
    $400 4
Stanley

David
    $400 20
olive drab

Mark
    $400 17
Samson

Mark
    $400 24
potato

Mark
    $400 15
June Carter Cash

Mark
    $400 22
MasterCard

David
    $600 3
Kilimanjaro

David
    $600 7
DePaul

Triple Stumper
    $600 9
Abel

David
    $600 25
lettuce

Triple Stumper
    $600 10
"The Man in Black"

Mark
    $600 28
Discover

Mark
    $800 1
Lawrence

David
    $800 6
(Mark: What is salt?)

tobacco

Mark
Triple Stumper
    $800 18
(Mark: Who is Isaiah?)
...
(Alex: Lots of lamentations.)

Job

Mark
Triple Stumper
    $800 26
broccoli

Mark
    $200 12
Folsom Prison

David
    $800 29
Visa

Karen
    $1000 2
Verrazano

David
    $1000 8
bluefin

David
    $1000 19
Solomon

David
    $1000 27
(Mark: What is cauliflower?)

radish

Mark
Triple Stumper
    $1000 16
Nine Inch Nails

Mark
    $1000 30
Diner's Club

Karen

Scores at the first commercial break (after clue 14):

David Mark Karen
$5,400 -$200 $0

Scores at the end of the Jeopardy! Round:

David Mark Karen
$6,800 $2,200 $2,000

Double Jeopardy! Round responses

DWIGHT D. EISENHOWER
SEINFELD BEFORE & AFTER
COMPLETES THE PLAY TITLE
GEOGRAPHIC DOGS
QUOTES!
DOUBLE U
    $400 13
Jason Alexander the Great

Mark
    $400 1
Free

Karen
    $400 27
Poland

David
    $400 12
the Berlin Wall

Mark
    $4,000 28
(Alex: [after allowing David 6 seconds of mental calculation] Give me your--)
(David: I'll wager... [pauses for 2 additional seconds] $4,000.)

Augusta National (Golf Club)

David
    $800 14
(Karen: What is the Soup Nazi?)
(Alex: I need more than that.)
(Mark: [after ringing in; without being called on] What is [*]?)
(Alex: That's right, Mark. Thank you.)

Talk Soup Nazi

MarkKaren
    $800 2
Anger

David
    $800 26
Malta

Karen
    $800 23
Hamlet

Mark
    $800 8
a muumuu

Karen
    $1200 3
the Soviet Union

David
    $1200 15
George Michael Richards

Mark
    $1200 9
Broadway

Karen
    $1200 18
(Karen: What is a Cairn terrier?)

Staffordshire

Karen
Triple Stumper
    $1200 20
(Geraldine) Ferraro

Mark
    $1200 7
continuum

Mark
    $1600 4
(Karen: What is the Strait of Japan?)

the Strait of Formosa (or Taiwan Strait)

DavidKaren
    $1600 16
(David: Who is Uncle George Steinbrenner?)

Uncle Leo (the Lip) Durocher

David
Triple Stumper
    $1600 10
Next Year

Karen
    $1600 19
an Irish setter

David
    $1600 21
Alice

Triple Stumper
    $1600 6
a duumvirate

Triple Stumper
    $2000 5
Doud

Triple Stumper
    $2000 17
(Mark: What is the Julia Louise-Dreyfus Affair?)
...
(Alex: You called her "Louise" and it's L-O-U-I-S, Mark. Sorry about that; one letter can cost you dearly.)

the Julia Louis-Dreyfus Affair

DavidMark
    $2000 11
When the Water's Running

Karen
    $2000 25
(Alex: Oh, they're lovely dogs, too.)

the Welsh Corgi

Triple Stumper
    $2,500 22
(Alex: Correct. You heard that line in Apocalypse Now. Heart of Darkness was Conrad's work.)

Joseph Conrad

Mark
    $2000 24
Aung San Suu Kyi

David

Scores at the end of the Double Jeopardy! Round:

David Mark Karen
$18,800 $8,700 $5,200
(lock game)

[wagering suggestions for these scores]

Final Jeopardy! Round responses

CHILDREN'S LITERATURE
(Alex: He had an insurmountable lead. He remains Jeopardy! champion and he now has a 9-day total of $217,100, so he's gone over the $200,000 mark. Can he make it to $250,000 or $300,000? Keep watching Jeopardy! and you'll find out. So long, everybody.)
KarenWhat is The Secret Garden?
$3,501
MarkWhat is Charlotte's Web?
$1,300
DavidWhat is The Diary of Anne Frank?
$200
Charlotte's Web

Final scores:

David Mark Karen
$18,600 $10,000 $1,699
9-day champion: $217,100 2nd place: $2,000 3rd place: $1,000

Game dynamics:

Coryat scores:

David Mark Karen
$16,200 $8,200 $5,200
21 R
(including 2 DDs),
1 W
17 R
(including 1 DD),
4 W
9 R,
3 W

Combined Coryat: $29,600

The J! Archive is created by fans, for fans. The Jeopardy! game show and all elements thereof, including but not limited to copyright and trademark thereto, are the property of Jeopardy Productions, Inc. and are protected under law. This website is not affiliated with, sponsored by, or operated by Jeopardy Productions, Inc. Join the discussion at JBoard.tv.